2194 days of war , an illustrated chronology of the second world war (Record no. 574776)

000 -LEADER
fixed length control field 00467nam a22001697a 4500
003 - CONTROL NUMBER IDENTIFIER
control field CEME
005 - DATE AND TIME OF LATEST TRANSACTION
control field 20210628203711.0
008 - FIXED-LENGTH DATA ELEMENTS--GENERAL INFORMATION
fixed length control field 210324b xxu||||| |||| 00| 0 eng d
020 ## - INTERNATIONAL STANDARD BOOK NUMBER
International Standard Book Number 1-566619-067-
040 ## - CATALOGING SOURCE
Transcribing agency .
082 ## - DEWEY DECIMAL CLASSIFICATION NUMBER
Classification number 940.53 TWE'B
100 ## - MAIN ENTRY--PERSONAL NAME
Personal name Pallavisini , Salmaggi, Cesare
9 (RLIN) 66914
245 ## - TITLE STATEMENT
Title 2194 days of war , an illustrated chronology of the second world war
260 ## - PUBLICATION, DISTRIBUTION, ETC.
Place of publication, distribution, etc. NEWYORK
Name of publisher, distributor, etc. BARNES & NOBLE
Date of publication, distribution, etc. 1988
300 ## - PHYSICAL DESCRIPTION
Extent 760P,ILL
942 ## - ADDED ENTRY ELEMENTS (KOHA)
Koha item type Book
Source of classification or shelving scheme
Holdings
Withdrawn status Lost status Damaged status Not for loan Permanent Location Current Location Shelving location Date acquired Total Checkouts Full call number Barcode Date last seen Price effective from Koha item type
        College of Electrical & Mechanical Engineering (CEME) College of Electrical & Mechanical Engineering (CEME) General Stacks 07/31/2017   940.53 TWE'B CEME-28881 06/28/2021 06/28/2021 Book
© 2023 Central Library, National University of Sciences and Technology. All Rights Reserved.